• 首页
  • 本馆介绍
  • 公告通知
  • 最新文献
  • 馆藏检索
  • 电子资源
  • 读者导购
  • 参考咨询
  • 我的图书馆
  • 登录
  • 详细信息显示
  • 放入我的书架
  • 预约/预借图书
  • 作者相关作品
  • 分类相关作品
  • 丛书相关作品
  • 出版社相关作品

书目信息

  • 表格格式
  • 工作单格式
  • 卡片格式
题名:
回忆张学良和东北军
    
 
作者: ;全国政协文史和学习委员会 编
分册:  
出版信息: 北京   中国文史出版社  2017
页数: 339页
开本: 24cm
丛书名: 百年中国记忆·文史资料百部经典文库
单 册:
中图分类: K825.2 , E296.51
科图分类:
主题词:
电子资源:
ISBN: 978-7-5034-8327-1
000 01173nam0 22002771 450
001 0102093644
005 20170402093644.0
010    @a978-7-5034-8327-1@dCNY48.00
100    @a20170105d2017 em y0chiy50 ea
101 0  @achi
102    @aCN@b110000
105    @aa z 000yd
106    @ar
200 1  @a回忆张学良和东北军@Ahui yi zhang xue liang he dong bei jun@f全国政协文史和学习委员会编
210    @a北京@c中国文史出版社@d2017
215    @a339页@c照片@d24cm
225 2  @a百年中国记忆·文史资料百部经典文库@Abai nian zhong guo ji yi wen shi zi liao bai bu jing dian wen ku@f陈惠丰主编
330    @a本书比较系统、具体地反映了西安事变前张学良将军和东北军所经历的重要事件。具体内容包括:家庭与身世、张学良和郭松龄、奉军和两次北伐的对抗、中原大战和东北军的入关、九一八事变到长城抗战等。
461  0 @12001 @a百年中国记忆·文史资料百部经典文库
600  0 @a张学良@Azhang xue liang@f(1901-2001)@x生平事迹
601 02 @a东北军@Adong bei jun@j史料
690    @aK825.2@v5
690    @aE296.51@v5
711 02 @a全国政协文史和学习委员会@Aquan guo zheng xie wen shi he xue xi wei yuan hui@4编
801  0 @aCN@bTANGWEI@c20161122
905    @b0964627-9@dK825.2@e890@f3
    
    回忆张学良和东北军/全国政协文史和学习委员会编.-北京:中国文史出版社,2017
    339页:照片;24cm.-(百年中国记忆·文史资料百部经典文库/陈惠丰主编)
    
    
    ISBN 978-7-5034-8327-1:CNY48.00
    本书比较系统、具体地反映了西安事变前张学良将军和东北军所经历的重要事件。具体内容包括:家庭与身世、张学良和郭松龄、奉军和两次北伐的对抗、中原大战和东北军的入关、九一八事变到长城抗战等。
●
相关链接 在E读中查询图书 在五车中查询图书 在当当中查询图书 在豆瓣中查询图书


正题名:回忆张学良和东北军     索取号:K825.2/890         预约/预借

序号 登录号 条形码 馆藏地/架位号 状态 备注
1 0964627   209646276   第二样本阅览室/ [索取号:K825.2/890] 在馆    
2 0964628   209646285   第二借阅区/ [索取号:K825.2/890] 在馆    
3 0964629   209646294   第二借阅区/ [索取号:K825.2/890] 在馆    
唐山师范学院图书馆 欢迎您!
大连网信软件有限公司© 版权所有